| 000 | 00766nam a2200205 i 4500 | ||
|---|---|---|---|
| 001 | 76695 | ||
| 003 | ES-MaACL | ||
| 005 | 20251114103340.0 | ||
| 007 | t| | ||
| 008 | 041004s1931 sp ||||1| spa d | ||
| 100 | 1 |
_aGuiard y Larrauri, Teófilo. _960629 |
|
| 245 | 1 | 4 |
_aLas ordenanzas del Consulado de Bilbao _b: tres conferencias con motivo del Centenario de su derogación / _cleídos por Teófilo Guiard Larrauri, Manuel Torres López y Antonio Elías Suárez. |
| 260 |
_aBilbao : _bCasa de Misericordia, _c1931. |
||
| 300 |
_a104 p. ; _c24 cm. |
||
| 700 | 0 |
_aTorres López, Manuel _9110905 |
|
| 700 | 1 |
_aElías Suárez, Antonio. _946979 |
|
| 710 | 2 |
_aConsulado de Bilbao _j-Historia. _9173763 |
|
| 852 |
_aES-MaACL _jA-124 |
||
| 999 |
_c76695 _d76695 |
||